LIBRARY & INFORMATION CENTRE, KCAET, TAVANUR

ONLINE PUBLIC ACCESS CATALOGUE (OPAC)

Normal view MARC view
  • Vasudevan Nair,M T.

Entry Personal Name

Number of records used in: 5

001 - CONTROL NUMBER

  • control field: 4299

003 - CONTROL NUMBER IDENTIFIER

  • control field: OSt

005 - DATE AND TIME OF LATEST TRANSACTION

  • control field: 20191015114936.0

008 - FIXED-LENGTH DATA ELEMENTS

  • fixed length control field: 191015|| aca||aabn | a|a d

040 ## - CATALOGING SOURCE

  • Original cataloging agency: OSt
  • Transcribing agency: OSt

100 ## - HEADING--PERSONAL NAME

  • Personal name: Vasudevan Nair,M T.

670 ## - SOURCE DATA FOUND

  • Source citation: Work cat.: (OSt): Vasudevan Nair,M T., Nalukettu
free website counter